MDQL
is popping MORE tags! Check the
thread
!
Quizzes
Events
Quiz Creation
Community
Videos
Private Events
Remove Ads
Sign In
Join for FREE
Feedback
Dark Mode
Quiz Categories
Sports
Geography
Music
Movies
Television
Just For Fun
Miscellaneous
History
Literature
Language
Science
Gaming
Entertainment
Religion
Holiday
For Kids
Quiz Lab
Recent
Popular Today
Quiz Kudos Today
Editor Picks
Curator Picks
Quizzes by...
Day
Popularity
Type
Ratings
Length
Year
Community
Subscriptions
Recent Discussions
Orange Saloon
Badges
Playlists
Quests
Create
Leaderboards
Showdown
Live 5
Trivia Bingo
Activity
Puzzle Library
Sporcle Events
Private Events
Virtual Trivia
Globe League
Become a Host
Pub Owners
SporcleCon
Opinionation
Our Games
Videos
Blog
Mobile Apps
Partnerships
Remove Ads and Go Orange
Feedback
Music
Pop Music
The Beatles
Song
Album
Lyrics
Bands
Singers
Artist
Clip
Rock
Rap
Classical
Billboard
Country Music
Kpop
Taylor Swift
Music
Pop Music
The Beatles
Song
Album
Lyrics
Bands
Singers
Artist
Clip
Rock
Rap
Classical
Billboard
Country Music
Kpop
Taylor Swift
Random Quiz
Search Sporcle
×
Quiz Lab
Quiz Lab
Music
Pop Music
Type in answers that appear in a list
Type in answers that appear in a list
Classic
Best Score? Go Orange.
UK Top 40 Singles of 1980 Stats
Can you name the 40 Biggest Selling Singles in the UK of 1980?
By
ChartFreak
8m
40 Questions
306 Plays
306 Plays
306 Plays
Comments
Comments
Give Quiz Kudos
Give Quiz Kudos
-
- Ratings
hide this ad
Replay
Link that replays current quiz
Next Quiz
Link to next quiz in quiz playlist
You Got
0%
They Got
Avg Score
59%
Avg Friend Score
Upgrade to see
Score Distribution
Jump to the score distribution portion of the page
Score
0/40
Timer
08:00
0
Plays Today
Position
Single
% Correct
12.
Morning Train (Nine To Five)
83%
7.
Geno
80.1%
2.
Woman In Love
76.8%
1.
Don't Stand So Close To Me
76.5%
35.
Brass In Pocket
76.5%
26.
Funkytown
74.8%
14.
Ashes To Ashes
73.9%
10.
(Just Like) Starting Over
73.5%
6.
The Tide Is High
72.9%
38.
Xanadu
72.5%
16.
Going Underground / Dreams Of Children
70.9%
13.
Baggy Trousers
69.6%
21.
Atomic
69.6%
9.
Coward Of The County
69.3%
15.
Theme from M*A*S*H* (Suicide Is Painless)
69.3%
5.
D.I.S.C.O.
68.6%
24.
Start!
68.3%
20.
There's No-one Quite Like Grandma
68%
3.
Feels Like I'm In Love
67.6%
17.
Crying
66.7%
Position
Single
% Correct
4.
Super Trouper
66%
34.
Stop The Cavalry
61.1%
18.
The Winner Takes It All
58.5%
22.
Upside Down
58.5%
8.
Together We Are Beautiful
56.9%
27.
I'm In The Mood For Dancing
56.2%
11.
Working My Way Back To You/Forgive Me Girl
55.9%
37.
What's Another Year
53.6%
30.
The Special AKA Live! EP
52.3%
36.
Oops Upside Your Head
52.3%
19.
Dance Yourself Dizzy
49.3%
23.
Use It Up And Wear It Out
47.4%
25.
Masterblaster (Jammin')
47.4%
40.
King / Food For Thought
43.8%
29.
One Day I'll Fly Away
39.5%
39.
Special Brew
37.9%
32.
Take That Look Off Your Face
27.1%
28.
If You're Looking For a Way Out
26.1%
33.
No Doubt About It
24.8%
31.
What You're Proposing
22.2%
Quiz Playlist
Details
Report
Send in Message
Add To Playlist
Classic:
Type in answers that appear in a list
Last Updated: Feb 16, 2017
Quiz Scoreboard
CHALLENGE
Sign Up to Join the Scoreboard
Show All
Scores
Hide
Comments
May contain spoilers
Recently Published
5x2 Blitz: Bands
by SL_Kpop136
Music
30s
Colored Red Africa Blitz
by spor1
Geography
30s
Find the 'City' Movie
by crazypaving
Movies
60s
More to Explore
Quiz From the Vault
Featured Blog Post
14 Easter Pick-up Lines to Find Eggs With
hide this ad
You Might Also Like...
Tags
Pop Music Quiz
1980
1980s
chart
Chart Hits
Hit Singles
Song Title
UK Charts
Today's Top Quizzes in Music
Browse Music
hide this ad
Today's Top Quizzes in Pop Music
Browse Pop Music
Top Contributed Quizzes in Music
1
5X2 Blitz: Bands II
2
Taylor Swift All Songs (2024)
3
5X2 Blitz: The Beatles
4
5X2 Blitz: Billboard
5
Taylor Swift Logic Puzzle
6
Taylor Swift Logic Puzzle II
7
5X2 Blitz: Album
8
5X2 Blitz: Billboard II
9
Music Artist by Three 2010s hits
10
5X2 Blitz: Rock
Explore More
Trending Topics
Kpop
Harry Potter
Crossword
NBA
Disney
Marvel
Anime
Country
Song
NFL
WWE
Pokémon
Soccer
The Office
Puzzle
hide this ad
More By:
ChartFreak
Quiz
Plays
Rating
Category
Featured
Created
Top 100 Best Selling Singles Acts of All-time (UK)
4,819
4.88
Music
Jan 18, 2014
EastEnders Original Characters (1985) (mapped)
4,489
4.75
Television
Dec 27, 2014
UK Top 100 Singles 1990-1999
3,060
4.73
Music
Feb 5, 2014
Madonna Top 40 Hits (UK)
2,761
4.48
Music
Apr 11, 2011
Top 100 biggest album acts of the 1990s (UK)
1,857
4.92
Music
Oct 27, 2013
Go to Creator's Profile
Score Distribution
Quiz Creator Spotlight
ChartFreak
Follow
Send a Message
Quizzes Created
-
Created Quiz Play Count
-
More By This Creator
Popular Quizzes Today
1
Find the 'City' Movie
2
5x2 Blitz: Bands
3
Colored Red Africa Blitz
4
The Countries of the World
5
Find the US States - No Outlines Minefield
6
Find the US States
7
9x9 Crossword: Cartoon Network
8
US States
More Music Quizzes
Walking Songs
Published
Trending Quizzes
Colored Red Africa Blitz II
Colored Red Europe Blitz I
Colored Red Africa Blitz III
Colored Red Europe Blitz II
Colored Red Europe Blitz III
Recently Updated
Champions League XIs: Real Madrid
pecheneg
Largest US Cities 1790-2010
pecheneg
Rides in Walt Disney World
pecheneg
Most Oscar Losses (Acting)
pecheneg
Beyoncé Albums
pecheneg
Leaping Animals
pecheneg
Reality TV Shows (A-Z)
bhenderson79
Rickey Henderson's Hall of Fame Teammates
pecheneg
Champions League XIs: Arsenal
pecheneg
Quick Pick: Celebrities in WWE's Hall of Fame
aduchscher
Trending Topics
Harry Potter
NBA
Anime
Crossword
Kpop
Marvel
Disney
NFL
Puzzle
Country
WWE
The Office
Pokémon
Soccer
Song
Your Account Isn't Verified!
In order to create a playlist on Sporcle, you need to verify the email address you used during registration. Go to your
Sporcle Settings
to finish the process.
Report this User
Report this user for behavior that violates our
Community Guidelines
.
Details:
Send Report
Go to the Sporcle.com Mobile Site →
Comments